[Event "Candidates 2011"]
[Site "Kazan, Russia"]
[Date "2011.05.08"]
[Round "1.4"]
[White "Topalov, Veselin"]
[Black "Kamsky, Gata"]
[Result "1/2-1/2"]
[WhiteElo "2775"]
[BlackElo "2732"]
[PlyCount "116"]
[EventDate "2011.??.??"]
[TimeControl "7200"]

1. Nf3 Nf6 2. c4 g6 3. Nc3 d5 4. cxd5 Nxd5 5. Qc2 Bg7 6. e4 Nb6 7. d4 O-O 8.
Be3 Bg4 9. Ne5 Bxe5 10. dxe5 Nc6 11. h3 Be6 12. Rd1 Qc8 13. f4 Rd8 14. b3 Nb4
15. Rxd8+ Qxd8 16. Qb1 f5 17. exf6 exf6 18. Be2 Qe7 19. O-O Bf7 20. Bf2 Rd8 21.
Rd1 Rxd1+ 22. Qxd1 c5 23. Bf1 Nc6 24. g3 Kg7 25. Bg2 h5 26. Nb5 Nc8 27. Qd2 c4
28. bxc4 Bxc4 29. Nd4 Qb4 30. Qc1 N8e7 31. a3 Qa4 32. Qb2 b6 33. Kh2 Kf7 34.
Qc3 Ba2 35. f5 Qc4 36. Qb2 Ne5 37. Qd2 g5 38. Ne6 N7c6 39. Qd6 Ke8 40. Nc7+ Kf7
41. Nd5 Qe2 42. Qxf6+ Ke8 43. Qe6+ Kf8 44. Kg1 Qd1+ 45. Bf1 Bxd5 46. exd5 Nd4
47. Qf6+ Kg8 48. Qxg5+ Kf7 49. Qd8 Qc2 50. Bg2 Qc1+ 51. Kh2 Qc2 52. Bg1 Ndf3+
53. Kh1 Ne1 54. Bf2 Qxf2 55. Qc7+ Kf6 56. Qd6+ Kf7 57. Qc7+ Kf6 58. Qd6+ Kf7
1/2-1/2

[Event "Candidates 2011"]
[Site "Kazan, Russia"]
[Date "2011.05.16"]
[Round "2.5"]
[White "Gelfand, Boris"]
[Black "Kamsky, Gata"]
[Result "1-0"]
[WhiteElo "2733"]
[BlackElo "2732"]
[PlyCount "112"]
[EventDate "2011.??.??"]
[TimeControl "300+3"]

1. Nf3 f5 2. g3 Nf6 3. Bg2 g6 4. O-O Bg7 5. d4 O-O 6. b3 e6 7. Bb2 h6 8. c4 d6
9. Nbd2 g5 10. Qc2 Nc6 11. e4 g4 12. Nh4 f4 13. e5 f3 14. Bxf3 gxf3 15. exf6
Qxf6 16. Ndxf3 Bd7 17. Rae1 Be8 18. Re3 Bh5 19. Rfe1 Rae8 20. Bc3 Nd8 21. d5 e5
22. Rf1 Nf7 23. Nd2 Qd8 24. Ng6 Bxg6 25. Qxg6 Ng5 26. Ne4 Nf3+ 27. Kg2 Nd4 28.
Bd2 Kh8 29. Rd3 Nf5 30. Rf3 Qd7 31. Qh5 Kg8 32. Kh1 b5 33. g4 Nd4 34. Rxf8+
Rxf8 35. Bxh6 bxc4 36. bxc4 Nf3 37. Qg6 Nh4 38. Qxg7+ Qxg7 39. Bxg7 Kxg7 40.
Ng5 Rb8 41. Ne6+ Kg6 42. Nxc7 Rc8 43. Nb5 Rxc4 44. Nxd6 Rc2 45. Nf5 Nf3 46. Kg2
e4 47. Rd1 Ne5 48. d6 Nd7 49. Rd4 Rxa2 50. Rxe4 Rd2 51. h4 a5 52. Re6+ Nf6 53.
g5 Kxf5 54. Rxf6+ Ke5 55. h5 a4 56. h6 Kd5 1-0

[Event "Candidates 2011"]
[Site "Kazan, Russia"]
[Date "2011.05.16"]
[Round "2.5"]
[White "Grischuk, Alexander"]
[Black "Kramnik, Vladimir"]
[Result "1/2-1/2"]
[WhiteElo "2747"]
[BlackElo "2785"]
[PlyCount "27"]
[EventDate "2011.??.??"]
[TimeControl "1500+10"]

1. d4 Nf6 2. c4 e6 3. Nf3 d5 4. Nc3 Be7 5. Bf4 O-O 6. e3 Nbd7 7. c5 Nh5 8. b4
Nxf4 9. exf4 c6 10. Bd3 b6 11. O-O a5 12. a3 Qc7 13. g3 Ba6 14. Bxa6 1/2-1/2

[Event "Candidates 2011"]
[Site "Kazan, Russia"]
[Date "2011.05.16"]
[Round "2.5"]
[White "Kamsky, Gata"]
[Black "Gelfand, Boris"]
[Result "1/2-1/2"]
[WhiteElo "2732"]
[BlackElo "2733"]
[PlyCount "63"]
[EventDate "2011.??.??"]
[TimeControl "1500+10"]

1. e4 c5 2. Nf3 d6 3. d4 cxd4 4. Nxd4 Nf6 5. Nc3 a6 6. Be3 e5 7. Nf3 Be7 8. Bc4
O-O 9. O-O Be6 10. Bb3 Nc6 11. Qe2 Na5 12. Rfd1 Qc7 13. Bg5 Rac8 14. Bxf6 Bxf6
15. Rac1 Nxb3 16. axb3 Qc6 17. Nd5 Bd8 18. c4 f5 19. exf5 Bxf5 20. h3 Qe8 21.
Rc3 Qg6 22. Nh2 Bh4 23. Nf3 Bd8 24. Kh2 Kh8 25. b4 Be6 26. Re3 Qf7 27. b3 b5
28. Kh1 Qb7 29. Re4 Bf5 30. Re3 Be6 31. Re4 Bf5 32. Re3 1/2-1/2

[Event "Chinese League"]
[Site "Ningbo CHN"]
[Date "2011.04.12"]
[Round "1"]
[White "Wang Yue"]
[Black "Zeng, C."]
[Result "1-0"]
[WhiteElo "2734"]
[BlackElo "2426"]
[PlyCount "61"]
[EventDate "2011.04.12"]
[WhiteTeam "Tianjin"]
[BlackTeam "Chongqing"]

1. d4 Nf6 2. c4 g6 3. Nc3 d5 4. cxd5 Nxd5 5. e4 Nxc3 6. bxc3 Bg7 7. Be3 c5 8.
Rc1 Qa5 9. Qd2 O-O 10. d5 e6 11. Nf3 exd5 12. exd5 Bf5 13. Be2 Nd7 14. Nh4 Be4
15. f3 Bb1 16. O-O Rfe8 17. a4 a6 18. Bf2 Nb6 19. Rxb1 Nxa4 20. Qa2 b6 21. Bc4
Nxc3 22. Qxa5 bxa5 23. Rb7 Rab8 24. Rxb8 Rxb8 25. d6 Rd8 26. f4 Ne4 27. Nf3
Nxd6 28. Rd1 Bf6 29. Ba2 Ne4 30. Rxd8+ Bxd8 31. Ne5 1-0

[Event "Chinese League"]
[Site "Ningbo CHN"]
[Date "2011.04.13"]
[Round "2"]
[White "Xu Jun"]
[Black "Wang Yue"]
[Result "1/2-1/2"]
[WhiteElo "2486"]
[BlackElo "2734"]
[PlyCount "98"]
[EventDate "2011.04.12"]
[WhiteTeam "Jiangsu"]
[BlackTeam "Tianjin"]

1. d4 Nf6 2. c4 g6 3. Nc3 d5 4. cxd5 Nxd5 5. e4 Nxc3 6. bxc3 Bg7 7. Nf3 c5 8.
Bb5+ Nc6 9. O-O O-O 10. Be3 Bg4 11. dxc5 Qc7 12. Bxc6 Qxc6 13. Qc2 Bxf3 14.
gxf3 f5 15. Rfd1 Rf7 16. Rd5 Raf8 17. Rad1 fxe4 18. Qxe4 Rxf3 19. Qxe7 R3f7 20.
Qh4 Qe6 21. c4 Bf6 22. Qg3 Qa6 23. Qg4 Qxa2 24. Rd7 Qa4 25. Qe6 Qc6 26. R1d6
Qf3 27. Rxf7 Rxf7 28. Rd7 Bh4 29. Rxf7 Qxf7 30. Qc8+ Kg7 31. c6 bxc6 32. Qxc6
a5 33. c5 Qf5 34. Qc7+ Kf8 35. Qxa5 Qg4+ 36. Kf1 Qd1+ 37. Qe1 Qxe1+ 38. Kxe1
Ke7 39. Ke2 Ke6 40. Kd3 Kd5 41. Kc3 Be7 42. Kb4 Kc6 43. Kc4 Bf8 44. h3 Be7 45.
Kb4 Bf8 46. Kc4 Be7 47. Kd4 Bxc5+ 48. Ke5 Ba3 49. Ke6 Bb4 1/2-1/2

[Event "Chinese League"]
[Site "Ningbo CHN"]
[Date "2011.04.14"]
[Round "3"]
[White "Wang Yue"]
[Black "Ma, Zhonghan"]
[Result "1-0"]
[WhiteElo "2734"]
[BlackElo "2262"]
[PlyCount "131"]
[EventDate "2011.04.12"]
[WhiteTeam "Tianjin"]
[BlackTeam "Qingdao"]

1. d4 d6 2. Nf3 g6 3. g3 Bg7 4. Bg2 Nf6 5. O-O O-O 6. c4 c5 7. d5 Na6 8. Nc3
Nc7 9. h3 Rb8 10. a4 a6 11. a5 b5 12. axb6 Rxb6 13. Qc2 e5 14. e4 Nh5 15. Qe2
Bd7 16. Ne1 Qe8 17. Nd3 f5 18. Kh2 Nf6 19. Be3 Rb8 20. Rae1 Qc8 21. f3 a5 22.
Bc1 Qa6 23. f4 fxe4 24. Nxc5 dxc5 25. fxe5 Nh5 26. Qxe4 Bf5 27. Qh4 Rbe8 28. d6
Bxe5 29. Rxe5 Rxe5 30. dxc7 Qc8 31. Nd5 Rfe8 32. g4 Bd3 33. gxh5 Bxf1 34. Nf6+
Kf7 35. Nxe8 Kxe8 36. Bxf1 Qxc7 37. Qg3 Re7 38. Qxc7 Rxc7 39. hxg6 hxg6 40. Bd3
Kf7 41. Bc2 Re7 42. Bd3 Re1 43. Bf4 Ra1 44. Be5 a4 45. Be4 Re1 46. Bd5+ Ke7 47.
Bg7 Re3 48. Bc6 a3 49. bxa3 Rxa3 50. Bd5 Rd3 51. Be4 Rd2+ 52. Kg3 Kf7 53. Bh6
Re2 54. Bd5+ Ke7 55. Bg5+ Kd7 56. Kg4 Re1 57. Bh4 Rg1+ 58. Kf4 Kd6 59. Bg3 Kd7
60. Bh2 Ra1 61. Kg5 Ra3 62. h4 Rh3 63. Be5 Re3 64. Bf6 Rg3+ 65. Kh6 Rg4 66. Bg5
1-0

[Event "Chinese League"]
[Site "Chengdu CHN"]
[Date "2011.05.26"]
[Round "4"]
[White "Malakhov, Vladimir"]
[Black "Wang Yue"]
[Result "1/2-1/2"]
[WhiteElo "2704"]
[BlackElo "2734"]
[PlyCount "64"]
[EventDate "2011.??.??"]

1. c4 Nf6 2. Nc3 e5 3. Nf3 Nc6 4. g3 Bb4 5. Nd5 Bc5 6. d3 h6 7. Bg2 d6 8. O-O
O-O 9. e3 a6 10. b3 Ba7 11. Nxf6+ Qxf6 12. Bb2 Bg4 13. h3 Bh5 14. a3 Rae8 15.
b4 Nd8 16. Rc1 Ne6 17. g4 Bg6 18. d4 e4 19. Nd2 Qh4 20. Qe1 Qe7 21. Nxe4 Bxe4
22. Bxe4 Nf4 23. exf4 Qxe4 24. Qd2 f5 25. Rfe1 Qf3 26. Rxe8 Rxe8 27. Re1 Rf8
28. Qe3 fxg4 29. Qxf3 gxf3 30. Re7 Rf7 31. Re8+ Rf8 32. Re7 Rf7 1/2-1/2

[Event "Chinese League"]
[Site "Chengdu CHN"]
[Date "2011.05.27"]
[Round "5"]
[White "Wang Yue"]
[Black "Lu Shanglei"]
[Result "1-0"]
[WhiteElo "2734"]
[BlackElo "2456"]
[PlyCount "47"]
[EventDate "2011.??.??"]

1. d4 f5 2. g3 g6 3. Bg2 Nf6 4. Nh3 d6 5. O-O Bg7 6. c4 c6 7. d5 O-O 8. Nc3 e5
9. dxe6 Bxe6 10. Qb3 Qe7 11. Ng5 Bf7 12. Bf4 Na6 13. Rad1 Rad8 14. Qa3 Nh5 15.
Nxf7 Rxf7 16. Bxd6 Qe6 17. c5 Qc4 18. Rc1 f4 19. Ne4 Qb5 20. Rc2 Nb4 21. Rd2
Bh6 22. gxf4 Nd5 23. e3 b6 24. Be5 1-0

[Event "Chinese League"]
[Site "Chengdu CHN"]
[Date "2011.05.27"]
[Round "5"]
[White "Zhou Jianchao"]
[Black "Malakhov, Vladimir"]
[Result "1/2-1/2"]
[WhiteElo "2660"]
[BlackElo "2704"]
[PlyCount "51"]
[EventDate "2011.??.??"]

1. d4 d5 2. c4 c6 3. Nf3 Nf6 4. Nc3 a6 5. g3 dxc4 6. a4 e6 7. Ne5 c5 8. dxc5
Qxd1+ 9. Nxd1 Bxc5 10. Bg2 Nd5 11. Ne3 Nxe3 12. Bxe3 Bxe3 13. fxe3 Nd7 14. Nxc4
Ke7 15. O-O Rb8 16. Rac1 Rd8 17. Rfd1 b5 18. Nd6 Nc5 19. Rxc5 Rxd6 20. Rxd6
Kxd6 21. Rc6+ Kd7 22. a5 b4 23. Rb6 Kc7 24. Rc6+ Kd7 25. Rb6 Kc7 26. Rc6+
1/2-1/2

[Event "Chinese League"]
[Site "Chengdu CHN"]
[Date "2011.05.28"]
[Round "6"]
[White "Malakhov, Vladimir"]
[Black "Wen Yang"]
[Result "1-0"]
[WhiteElo "2704"]
[BlackElo "2545"]
[PlyCount "101"]
[EventDate "2011.??.??"]

1. e4 c5 2. Nf3 d6 3. d4 cxd4 4. Nxd4 Nf6 5. Nc3 a6 6. Be3 Ng4 7. Bg5 h6 8. Bh4
g5 9. Bg3 Bg7 10. Be2 h5 11. Bxg4 hxg4 12. Nd5 Be5 13. Qd2 Nc6 14. Nxc6 bxc6
15. Bxe5 dxe5 16. Nb4 Qb6 17. O-O-O f6 18. Qc3 Kf7 19. Nd3 Rb8 20. Nc5 Qb4 21.
Qxb4 Rxb4 22. b3 Rb5 23. Nd3 c5 24. c4 Rb7 25. Nxc5 Rc7 26. Na4 Be6 27. Nc3 Rb8
28. Kc2 Rcb7 29. Nd5 a5 30. Kc3 Bd7 31. Kc2 Kf8 32. Nc3 Kf7 33. Rd3 Rh8 34. Rd5
a4 35. Rdd1 Rc8 36. Rb1 Rbc7 37. Kd2 Rb7 38. Kd3 Rd8 39. Kc2 Rc8 40. Rb2 Ra7
41. Kd3 Rd8 42. Ke3 Bc6 43. Rd1 Rxd1 44. Nxd1 axb3 45. axb3 Ra1 46. Nc3 Rc1 47.
Kd3 f5 48. exf5 Bxg2 49. Rb1 Rxb1 50. Nxb1 Kf6 51. Ke3 1-0

[Event "Chinese League"]
[Site "Chengdu CHN"]
[Date "2011.05.28"]
[Round "6"]
[White "Wan, Yunguo"]
[Black "Wang, Yue"]
[Result "0-1"]
[WhiteElo "2458"]
[BlackElo "2734"]
[PlyCount "37"]
[EventDate "2011.??.??"]

1. e4 c5 2. Nf3 d6 3. d4 cxd4 4. Nxd4 Nf6 5. Nc3 Nc6 6. Bc4 Bd7 7. Bb3 g6 8. h3
Nxd4 9. Qxd4 Bg7 10. O-O O-O 11. Qd3 Bc6 12. Bg5 Qa5 13. f4 Rae8 14. f5 Nd7 15.
Qg3 Nc5 16. fxg6 hxg6 17. Qh4 Bxc3 18. bxc3 Nxe4 19. Bh6 0-1

[Event "Dutch League"]
[Site "Netherlands NED"]
[Date "2011.05.15"]
[Round "9.1"]
[White "Giri, A."]
[Black "Vandevoort, P."]
[Result "1-0"]
[WhiteElo "2677"]
[BlackElo "2377"]
[PlyCount "73"]
[EventDate "2010.09.25"]
[WhiteTeam "HSG"]
[BlackTeam "SO Rotterdam"]

1. Nf3 c5 2. c4 Nf6 3. g3 g6 4. Bg2 Bg7 5. O-O O-O 6. d4 cxd4 7. Nxd4 Nc6 8.
Nc3 Ng4 9. e3 Nge5 10. b3 d6 11. Nde2 Bf5 12. e4 Bd7 13. h3 f5 14. f4 Nf7 15.
exf5 Bxf5 16. Be3 Bd7 17. Qd2 Qc8 18. Kh2 Nh6 19. g4 Nf7 20. Ng3 e6 21. Rad1
Ne7 22. Nce4 d5 23. cxd5 Nxd5 24. Bd4 Bxd4 25. Qxd4 Bc6 26. Qb2 Nd8 27. Nd6 Qc7
28. Qe5 Qg7 29. Bxd5 Bxd5 30. Qxg7+ Kxg7 31. f5 Nc6 32. Nxb7 gxf5 33. gxf5 Ne5
34. Nc5 Nf3+ 35. Rxf3 Bxf3 36. Nxe6+ Kf6 37. Rd3 1-0

[Event "French League"]
[Site "?"]
[Date "2011.05.26"]
[Round "1"]
[White "Eljanov, Pavel"]
[Black "Landa, Konstantin"]
[Result "1/2-1/2"]
[WhiteElo "2712"]
[BlackElo "2613"]
[PlyCount "89"]
[EventDate "2011.06.24"]

1. d4 Nf6 2. c4 e6 3. Nc3 Bb4 4. Qc2 d5 5. a3 Bxc3+ 6. Qxc3 Ne4 7. Qc2 c5 8.
dxc5 Nc6 9. e3 Qa5+ 10. Bd2 Nxd2 11. Qxd2 dxc4 12. Bxc4 Qxc5 13. Rc1 Qe7 14.
Nf3 O-O 15. b4 e5 16. O-O Bg4 17. Qd5 Rad8 18. Qe4 Bh5 19. Nh4 Qf6 20. Bb5 Rd6
21. Rc5 Re8 22. g3 a6 23. Bd3 Bg6 24. Nxg6 hxg6 25. Bc4 b6 26. Rd5 Rxd5 27.
Bxd5 Ne7 28. Bb3 Rd8 29. Rd1 Rxd1+ 30. Bxd1 Qe6 31. Bf3 Kh7 32. Qa8 Qc4 33. Kg2
Nf5 34. Qd5 Qxd5 35. Bxd5 Nd6 36. a4 a5 37. bxa5 bxa5 38. f4 f6 39. h4 exf4 40.
exf4 g5 41. Kf3 gxh4 42. gxh4 Kg6 43. Kg4 Kh6 44. f5 g6 45. fxg6 1/2-1/2

[Event "French League"]
[Site "?"]
[Date "2011.05.26"]
[Round "1"]
[White "Dreev, Alexei"]
[Black "Battaglini, Gabriel"]
[Result "1-0"]
[WhiteElo "2703"]
[BlackElo "2412"]
[PlyCount "53"]
[EventDate "2011.??.??"]
[SourceDate "2011.05.27"]

1. d4 d5 2. c4 c6 3. Nf3 Nf6 4. e3 Bf5 5. Nc3 e6 6. Nh4 Bg6 7. Nxg6 hxg6 8. g3
Nbd7 9. Bg2 Bd6 10. O-O O-O 11. Qb3 Rb8 12. c5 Bc7 13. Qa4 a6 14. f4 g5 15.
fxg5 Nh7 16. e4 Nxg5 17. exd5 exd5 18. Nxd5 Nxc5 19. dxc5 cxd5 20. Be3 Qe7 21.
Qb3 Rbe8 22. Rae1 Ne4 23. Qxd5 Ba5 24. Bf2 Bxe1 25. Rxe1 Qg5 26. Bxe4 Re5 27.
Qxe5 1-0

[Event "French League"]
[Site "?"]
[Date "2011.05.26"]
[Round "1"]
[White "Renet, Olivier"]
[Black "Navara, David"]
[Result "0-1"]
[WhiteElo "2497"]
[BlackElo "2702"]
[PlyCount "74"]
[EventDate "2011.??.??"]
[SourceDate "2011.05.27"]

1. d4 Nf6 2. c4 e6 3. Nf3 Bb4+ 4. Bd2 a5 5. g3 d6 6. Bg2 Nbd7 7. O-O e5 8. e3
c6 9. Ne1 O-O 10. Nc2 Bxd2 11. Qxd2 Re8 12. Nc3 Nb6 13. b3 e4 14. f3 exf3 15.
Rxf3 Bg4 16. Rf4 d5 17. e4 dxc4 18. bxc4 Nxc4 19. Qf2 Bh5 20. Rb1 Ng4 21. Qe2
Na3 22. Nxa3 Qxd4+ 23. Kh1 Qxc3 24. Rb3 Qc1+ 25. Rf1 Qc5 26. Bf3 a4 27. Rxb7
Qxa3 28. Bxg4 Bxg4 29. Qxg4 Qxa2 30. Qd7 Rf8 31. Qxc6 Qe2 32. Kg1 Rad8 33. Rf2
Qe1+ 34. Kg2 Rd2 35. Rxd2 Qxd2+ 36. Kh3 Rd8 37. Ra7 g6 0-1

[Event "French League"]
[Site "Mulhouse FRA"]
[Date "2011.05.27"]
[Round "2"]
[White "Dreev, Aleksey"]
[Black "Terrieux, Kevin"]
[Result "1-0"]
[WhiteElo "2703"]
[BlackElo "2434"]
[PlyCount "78"]
[EventDate "2011.??.??"]

1. d4 Nf6 2. c4 e6 3. Nc3 Bb4 4. Qc2 d5 5. cxd5 exd5 6. Bg5 c5 7. Nf3 h6 8. Bh4
g5 9. Bg3 Ne4 10. dxc5 Bf5 11. Nd4 Nxg3 12. Qa4+ Qd7 13. Qxd7+ Bxd7 14. hxg3
Na6 15. Rc1 Nxc5 16. a3 Bxc3+ 17. Rxc3 Ne4 18. Rc1 Ke7 19. e3 Rac8 20. Rd1 h5
21. Bd3 h4 22. gxh4 gxh4 23. f3 Ng3 24. Rh2 Ba4 25. Rb1 Kf6 26. Kf2 a6 27. Ke1
Rc7 28. Kd2 Bd7 29. Re1 Be6 30. a4 a5 31. Rb1 Bf5 32. Nxf5 Nxf5 33. g4 Nd6 34.
b3 Kg5 35. Rg1 Rd8 36. f4+ Kf6 37. Rxh4 Ne4+ 38. Ke2 Rc3 39. g5+ Ke7 1-0

[Event "French League"]
[Site "Mulhouse FRA"]
[Date "2011.05.27"]
[Round "2"]
[White "Le Quang Liem"]
[Black "David, Alberto"]
[Result "1/2-1/2"]
[WhiteElo "2687"]
[BlackElo "2593"]
[PlyCount "51"]
[EventDate "2011.??.??"]

1. d4 Nf6 2. c4 e6 3. g3 d5 4. Bg2 dxc4 5. Nf3 c6 6. Ne5 Bb4+ 7. Bd2 Qxd4 8.
Bxb4 Qxe5 9. Na3 b5 10. Bd6 Qxb2 11. O-O Nd5 12. e4 Nc3 13. Qh5 h6 14. Rfe1 Nd7
15. e5 Bb7 16. Rab1 Nxb1 17. Rxb1 Qxa2 18. Rxb5 cxb5 19. Bxb7 Rb8 20. Bc6 Rb6
21. Bxd7+ Kxd7 22. Qxf7+ Kc6 23. Qf3+ Kd7 24. Qf7+ Kc6 25. Qf3+ Kd7 26. Qf7+
1/2-1/2

[Event "French League"]
[Site "Mulhouse FRA"]
[Date "2011.05.27"]
[Round "2"]
[White "Le Roux, Jean-Pierre"]
[Black "Wojtaszek, Radoslaw"]
[Result "0-1"]
[WhiteElo "2523"]
[BlackElo "2721"]
[PlyCount "62"]
[EventDate "2011.??.??"]

1. Nf3 Nf6 2. c4 e6 3. d4 d5 4. e3 Be7 5. b3 O-O 6. Bd3 c5 7. cxd5 Nxd5 8. O-O
cxd4 9. Nxd4 Nd7 10. Bb2 Nc5 11. Bc4 Nb6 12. Be2 e5 13. Nf3 f6 14. Nc3 Be6 15.
Qxd8 Rfxd8 16. Rfd1 Kf7 17. Ne1 a5 18. Nb5 Nd5 19. Bc4 Rac8 20. Na7 Rc7 21. Nc2
Rcd7 22. Bb5 Rd6 23. Bf1 Nb4 24. Rxd6 Rxd6 25. Ne1 Rd2 26. Bc3 Rxa2 27. Rxa2
Nxa2 28. Bxa5 Nxb3 29. Bc7 Nd2 30. Bd3 Nb4 31. Be2 Nd5 0-1

[Event "French League"]
[Site "Mulhouse FRA"]
[Date "2011.05.27"]
[Round "2"]
[White "Meier, Georg"]
[Black "Bacrot, Etienne"]
[Result "1/2-1/2"]
[WhiteElo "2650"]
[BlackElo "2705"]
[PlyCount "40"]
[EventDate "2011.??.??"]

1. Nf3 Nf6 2. c4 c6 3. d4 d5 4. e3 a6 5. Bd3 Bg4 6. Nbd2 e6 7. O-O Be7 8. b3 c5
9. h3 Bh5 10. dxc5 Nbd7 11. c6 bxc6 12. Bb2 O-O 13. Qc2 Qb8 14. Rac1 a5 15. Nd4
Qb6 16. cxd5 cxd5 17. Nc6 Bc5 18. Ne5 Nxe5 19. Bxe5 Ba3 20. Bb2 Bxb2 1/2-1/2

[Event "French League"]
[Site "Mulhouse FRA"]
[Date "2011.05.27"]
[Round "2"]
[White "Moiseenko, Alexander"]
[Black "Eljanov, Pavel"]
[Result "1/2-1/2"]
[WhiteElo "2679"]
[BlackElo "2712"]
[PlyCount "43"]
[EventDate "2011.??.??"]

1. d4 Nf6 2. c4 e6 3. Nc3 Bb4 4. Qc2 d5 5. a3 Bxc3+ 6. Qxc3 Ne4 7. Qc2 c5 8.
dxc5 Nc6 9. e3 Qa5+ 10. Bd2 Nxd2 11. Qxd2 dxc4 12. Bxc4 Qxc5 13. Rc1 Qe7 14.
Nf3 O-O 15. O-O Qf6 16. Rfd1 Rd8 17. Qe2 Bd7 18. h3 Be8 19. Bd3 h6 20. Be4
Rxd1+ 21. Rxd1 Rd8 22. Rxd8 1/2-1/2

[Event "French League"]
[Site "Mulhouse FRA"]
[Date "2011.05.27"]
[Round "2"]
[White "Navara, David"]
[Black "Cornette, Matthieu"]
[Result "1-0"]
[WhiteElo "2702"]
[BlackElo "2562"]
[PlyCount "87"]
[EventDate "2011.??.??"]

1. c4 e6 2. Nc3 d5 3. d4 Bb4 4. e3 Nf6 5. Nge2 O-O 6. a3 Bd6 7. Ng3 c6 8. Bd2
e5 9. dxe5 Bxe5 10. Be2 dxc4 11. Bxc4 Ng4 12. Qe2 Qh4 13. Nge4 Bf5 14. g3 Qe7
15. h3 Bxc3 16. Bxc3 Ne5 17. Bxe5 Qxe5 18. Nc3 Nd7 19. e4 Be6 20. f4 Bxc4 21.
Qxc4 Qc5 22. Qxc5 Nxc5 23. Ke2 Rfe8 24. Kf3 Rad8 25. Rad1 Nb3 26. Ke3 Na5 27.
Rxd8 Rxd8 28. Rd1 Nc4+ 29. Ke2 Rxd1 30. Nxd1 h5 31. Kd3 Nb6 32. Ne3 Kf8 33. Kd4
g6 34. e5 Ke7 35. f5 Nd7 36. g4 hxg4 37. hxg4 gxf5 38. gxf5 f6 39. e6 Ne5 40.
Ke4 Kd6 41. b3 b6 42. Nc4+ Nxc4 43. bxc4 Ke7 44. Kd4 1-0

[Event "French League"]
[Site "Mulhouse FRA"]
[Date "2011.05.27"]
[Round "2"]
[White "Vachier-Lagrave, Maxime"]
[Black "Solodovnichenko, Yuri"]
[Result "1/2-1/2"]
[WhiteElo "2731"]
[BlackElo "2574"]
[PlyCount "53"]
[EventDate "2011.??.??"]

1. d4 d5 2. c4 e6 3. Nc3 Nf6 4. Nf3 c6 5. Bg5 dxc4 6. e4 b5 7. e5 h6 8. Bh4 g5
9. Nxg5 hxg5 10. Bxg5 Nbd7 11. exf6 Bb7 12. g3 c5 13. d5 Qb6 14. Bg2 O-O-O 15.
O-O b4 16. Na4 Qa6 17. a3 Bxd5 18. Bxd5 Ne5 19. axb4 Rxd5 20. Qe2 cxb4 21. Nc3
Qd6 22. Rxa7 bxc3 23. Rfa1 Qb4 24. Ra8+ Kb7 25. R8a7+ Kc8 26. Ra8+ Kb7 27.
R8a7+ 1/2-1/2

[Event "French League"]
[Site "Mulhouse FRA"]
[Date "2011.05.28"]
[Round "3"]
[White "Bacrot, Etienne"]
[Black "David, Alberto"]
[Result "1-0"]
[WhiteElo "2705"]
[BlackElo "2593"]
[PlyCount "73"]
[EventDate "2011.05.26"]

1. d4 Nf6 2. c4 e6 3. Nc3 Bb4 4. Nf3 b6 5. e3 Bb7 6. Bd3 O-O 7. O-O c5 8. Na4
cxd4 9. exd4 Re8 10. Bg5 h6 11. Bh4 Be7 12. Re1 d6 13. Rc1 Nbd7 14. Nd2 e5 15.
Nc3 exd4 16. Nb5 Ne5 17. Nb3 Nfg4 18. Bg3 Bg5 19. f4 Nxd3 20. Qxd3 Bf6 21.
N5xd4 Rc8 22. h3 Ne5 23. Qf1 Ng6 24. Nb5 Rxe1 25. Rxe1 Bh4 26. Bxh4 Nxh4 27.
Re2 Rxc4 28. Nxd6 Qxd6 29. Re8+ Kh7 30. Qxc4 Bxg2 31. Kf2 Bc6 32. Re3 Nf5 33.
Re5 b5 34. Qxf7 Bd7 35. Rxf5 Be6 36. Qf8 Qd3 37. Re5 1-0

[Event "French League"]
[Site "Mulhouse FRA"]
[Date "2011.05.28"]
[Round "3"]
[White "Debray, Christopher"]
[Black "Le Quang Liem"]
[Result "0-1"]
[WhiteElo "2376"]
[BlackElo "2687"]
[PlyCount "52"]
[EventDate "2011.05.26"]

1. e4 c5 2. Nf3 e6 3. d4 cxd4 4. Nxd4 Nf6 5. Nc3 d6 6. f4 a6 7. g4 e5 8. Nf3
Bxg4 9. fxe5 Nfd7 10. h3 Bxf3 11. Qxf3 Nxe5 12. Qg3 Nbd7 13. Be3 Rc8 14. O-O-O
Nf6 15. Bd4 Qc7 16. Rh2 g6 17. Rf2 Bg7 18. h4 O-O 19. Bh3 Rce8 20. Qg1 Qd8 21.
Bc5 Nc4 22. Qf1 Nxe4 23. Nxe4 Rxe4 24. Bg2 Qa5 25. Kb1 Qxc5 26. Bxe4 Ne3 0-1

[Event "French League"]
[Site "Mulhouse FRA"]
[Date "2011.05.28"]
[Round "3"]
[White "Moiseenko, Alexander"]
[Black "Naiditsch, Arkadij"]
[Result "1-0"]
[WhiteElo "2679"]
[BlackElo "2716"]
[PlyCount "45"]
[EventDate "2011.05.26"]

1. d4 Nf6 2. c4 e6 3. Nf3 d5 4. Nc3 dxc4 5. e4 Bb4 6. Bg5 c5 7. Bxc4 cxd4 8.
Nxd4 Bxc3+ 9. bxc3 Qa5 10. Bxf6 gxf6 11. O-O Nc6 12. Rb1 Ke7 13. Rb5 Qc7 14.
Qb3 Rd8 15. Rd1 Nxd4 16. cxd4 a6 17. Rb6 Rb8 18. d5 Qc5 19. d6+ Kf8 20. Bxa6
Bd7 21. Rxb7 Ra8 22. Bb5 Ra3 23. Qb2 1-0

[Event "French League"]
[Site "Mulhouse FRA"]
[Date "2011.05.28"]
[Round "3"]
[White "Sanikidze, Tornike"]
[Black "Navara, David"]
[Result "0-1"]
[WhiteElo "2524"]
[BlackElo "2702"]
[PlyCount "136"]
[EventDate "2011.05.26"]

1. d4 Nf6 2. c4 e6 3. Nf3 b6 4. a3 Bb7 5. Nc3 d5 6. cxd5 Nxd5 7. e3 g6 8. Bb5+
c6 9. Bd3 Bg7 10. O-O O-O 11. Na4 Nd7 12. e4 Ne7 13. Bg5 e5 14. dxe5 Nxe5 15.
Nxe5 Bxe5 16. f4 Qd4+ 17. Rf2 Bf6 18. Bc2 Qxd1+ 19. Rxd1 Bxg5 20. fxg5 Rad8 21.
Rxd8 Rxd8 22. Bb3 Rf8 23. Nc3 Kg7 24. Rf6 c5 25. Rd6 Bc8 26. Nb5 a6 27. Nc7 b5
28. a4 c4 29. Ba2 h6 30. gxh6+ Kxh6 31. axb5 axb5 32. Nxb5 Be6 33. Nc7 c3 34.
Bb1 Rc8 35. Nxe6 cxb2 36. Nf4 Rc1+ 37. Kf2 Nc8 38. Rd4 Rxb1 39. Rb4 Nd6 40. Nd3
Nxe4+ 41. Ke3 Nc3 42. Kd4 Na4 43. Ke3 f5 44. g3 g5 45. h4 g4 46. Kf2 Nc3 47.
Rb6+ Kg7 48. Rb7+ Kf6 49. Rb6+ Ke7 50. Rb7+ Kd6 51. Rb6+ Kc7 52. Rb3 Ne4+ 53.
Kg2 Nxg3 54. Rxb2 Rxb2+ 55. Nxb2 Nh5 56. Nd3 Kd6 57. Kf2 Ke6 58. Ke3 Kf6 59.
Nf2 Kg6 60. Nd3 Ng7 61. Nf4+ Kf6 62. Nd5+ Ke5 63. Nf4 Ne6 64. Nd3+ Kf6 65. Nf2
Kg6 66. Nh1 f4+ 67. Ke4 Kh5 68. Kf5 g3 0-1

[Event "French League"]
[Site "Mulhouse FRA"]
[Date "2011.05.28"]
[Round "3"]
[White "Vachier-Lagrave, Maxime"]
[Black "Renet, Olivier"]
[Result "1-0"]
[WhiteElo "2731"]
[BlackElo "2497"]
[PlyCount "117"]
[EventDate "2011.05.26"]

1. e4 e5 2. Nf3 Nc6 3. Bb5 a6 4. Ba4 Nf6 5. O-O Be7 6. Re1 b5 7. Bb3 d6 8. c3
O-O 9. h3 Nb8 10. d4 Nbd7 11. Nbd2 Bb7 12. Bc2 Re8 13. Nf1 Bf8 14. Bg5 h6 15.
Bh4 Qb8 16. N3d2 exd4 17. cxd4 Qa7 18. d5 c6 19. dxc6 Bxc6 20. Rc1 Rac8 21. Bb3
a5 22. Bxf6 Nxf6 23. a4 bxa4 24. Rxc6 axb3 25. Rxc8 Rxc8 26. Qxb3 Rb8 27. Qc2
Qd4 28. b3 d5 29. e5 Ne8 30. e6 fxe6 31. Rxe6 Nf6 32. Ne3 Rb6 33. Qf5 Bc5 34.
Nf3 Qa1+ 35. Kh2 Bxe3 36. Rxe3 Qa3 37. Ne5 Qd6 38. f4 Qe6 39. Qc2 Ne4 40. Qc7
Kh7 41. Rd3 Qd6 42. Qc8 Qf6 43. Rf3 Nd6 44. Qc2+ Ne4 45. Qc8 Nd6 46. Qc7 Rb7
47. Qxa5 Rxb3 48. Nd7 Qb2 49. Nf8+ Kh8 50. Qd8 Nb7 51. Qe8 Rxf3 52. Ng6+ Kh7
53. Ne7 Rxh3+ 54. Kxh3 Qb3+ 55. Kh2 d4 56. f5 Qc4 57. Qg6+ Kh8 58. f6 Qc7+ 59.
g3 1-0